| 000 | 00609nam a2200181 i 4500 | ||
|---|---|---|---|
| 001 | 39208 | ||
| 003 | ES-MaACL | ||
| 005 | 20250604062621.0 | ||
| 008 | 030227s1919 sp |||| |dspa d | ||
| 100 | 1 |
_aCambó, Francesc, _d1876-1947 _934032 |
|
| 245 | 1 | 0 |
_aOcho meses en el Ministerio de Fomento _b: mi gestión ministerial / _cFrancesc Cambó. |
| 246 | 3 | _a8 meses en el Ministerio de Fomento | |
| 260 |
_aBarcelona : _bEditorial Catalana, _c1919. |
||
| 300 |
_aLXXV, 322 p. ; _c23 cm. |
||
| 651 | 4 |
_aEspaña- _xHistoria- _y1902-1931, Alfonso XIII _98276 |
|
| 852 |
_aES-MaACL _jF-2242 |
||
| 999 |
_c39208 _d39208 |
||